Every Character In Percy Jackson And The Olympians By Letter-T - Statistics

General Stats
  • This quiz has been taken 9 times
  • The average score is 3 of 15
Answer Stats
Times Mentioned Answer % Correct
609 Tyson
86%
466 Thalia Grace
71%
78 Tantalus
43%
30 Travis Stoll
43%
2 Triton
29%
1 Thetis
14%
54 Typhon
14%
65 Dr. Thorn
0%
2 Mrs. Tesla
0%
8 Talos
0%
1 Tammany
0%
18 Tammi
0%
10 Tempest
0%
16 Theseus
0%
1 Thomas Jefferson
0%
No matching quizzes found
Score Distribution
Percent of People with Each Score
Percentile by Number Answered
Your Score History
You have not taken this quiz